Fruit culture in India / (Record no. 131994)

MARC details
000 -LEADER
fixed length control field 00767nam a22002657a 4500
005 - DATE AND TIME OF LATEST TRANSACTION
control field 20170124110146.0
010 ## - LIBRARY OF CONGRESS CONTROL NUMBER
LC control number 497172
020 ## - INTERNATIONAL STANDARD BOOK NUMBER
Terms of availability 00.00
035 ## - SYSTEM CONTROL NUMBER
System control number 497172
037 ## - SOURCE OF ACQUISITION
Source of stock number/acquisition Cen Lib/Ret
040 ## - CATALOGING SOURCE
Original cataloging agency DPL
Language of cataloging EN
082 ## - DEWEY DECIMAL CLASSIFICATION NUMBER
Classification number 634
Item number FRU
245 ## - TITLE STATEMENT
Title Fruit culture in India /
Statement of responsibility, etc compiled by Sham Singh, S. Krishnamurti [and ] S.L. Katyal
250 ## - EDITION STATEMENT
Edition statement 2nd ed.
260 ## - PUBLICATION, DISTRIBUTION, ETC. (IMPRINT)
Place of publication, distribution, etc New Delhi
Date of publication, distribution, etc 1967
Name of publisher, distributor, etc Indian Council of Agriculture Research
270 ## - ADDRESS
City New Delhi
Postal code 400004
300 ## - PHYSICAL DESCRIPTION
Extent 424p.
Dimensions 22cm(Hb)
500 ## - GENERAL NOTE
General note Includes index
650 ## - SUBJECT ADDED ENTRY--TOPICAL TERM
Topical term or geographic name as entry element Agriculture
9 (RLIN) 15548
650 ## - SUBJECT ADDED ENTRY--TOPICAL TERM
Topical term or geographic name as entry element Fruit culture
9 (RLIN) 33423
700 ## - ADDED ENTRY--PERSONAL NAME
Personal name Sham Singh
9 (RLIN) 101690
700 ## - ADDED ENTRY--PERSONAL NAME
Personal name Krishnamurti, S.
9 (RLIN) 33424
700 ## - ADDED ENTRY--PERSONAL NAME
Personal name Katyal, S.L.
9 (RLIN) 33425
942 ## - ADDED ENTRY ELEMENTS (KOHA)
Source of classification or shelving scheme Dewey Decimal Classification
Koha item type English Books
Classification part 634
Call number suffix FRU
Holdings
Withdrawn status Lost status Damaged status Not for loan Home library Current library Date acquired Source of acquisition Cost, normal purchase price Total Checkouts Full call number Barcode Date last seen Copy number Cost, replacement price Price effective from Koha item type Public note
Written off       Central Library Central Library 16/07/2015 Cen Lib/Ret 0.00   634 FRU 497172 16/07/2015 1 0.00 16/07/2015 English Books Written off on approval by DLB (By Circulation); dtd 15-06-2023

© Delhi Public Library
Hit Counter
free hit counter